| 000 | 01097nam a2200241Ia 4500 | ||
|---|---|---|---|
| 003 | OSt | ||
| 005 | 20210511091536.0 | ||
| 008 | 210310s2001 eu fr 001 0 spa d | ||
| 020 | _a1589061365 | ||
| 040 |
_aCO-JMCR _cCO-JMCR |
||
| 041 | 1 |
_aspa _heng |
|
| 082 | 0 | 4 |
_a336.0072 / _bF673m2 _223 |
| 110 | 2 |
_aFondo Monetario Internacional _937119 |
|
| 245 | 1 | 0 |
_aManual de estadísticas de las finanzas públicas / _cFondo Monetario Internacional ; traducción Roberto Donadi y Marcelo Mareque |
| 260 |
_aWashington : _bFondo Monetario Internacional, _c2001 |
||
| 300 |
_aix, 219 páginas ; _c28 cm. |
||
| 500 | _aIncluye índice analítico y notas a pie de página. | ||
| 505 | 0 | _aCobertura del sistema de EFP -- Flujos, saldos y reglas contables -- Marco analítico -- Ingreso -- Gasto -- Balance -- Transacciones en activos no financieros -- Transacciones en activos y pasivos financieros -- Otros flujo económicos | |
| 650 |
_aHacienda pública _915300 _xEstadísticas |
||
| 700 | 1 |
_aDonadi, Roberto, _etraductor _937532 |
|
| 700 | 1 |
_aMareque, Marcelo, _etraductor _937533 |
|
| 942 |
_2ddc _cBK |
||
| 999 |
_c7734 _d7734 |
||